1985 1264 1003 1256 1986 1784 1200 1462 1711 1737 1222 1415 1417 1379 1951 1458 1142 1088 1122 1176 1431 1173 1947 1795 1530 1309 1546 1235 1020 1151 1579 1906 1332 1867 1339 1562 1003 1401 1370 1607 1728 1653 1640 1236 1503 1631 1997 1803 1532 1783 1712 1642 1080 1665 1239 1351 1187 1241 1893 1487 1865 1477 1655 1190 1949 1058 1319 1376 1743 1851 1313 1951 1206 1327 1669 1494 1933 1395 1250 1776 1560 1860 1534 1278 1276 1260 1330 1089 1402 1635 1232 1606 1099 1753 1587 1549 1362 1024 1643 BCNSPRNW ULIB Ver.6.0+V

เปลี่ยนเป็นภาษาไทย

Change to English
 แสดงรายละเอียดบรรณานุกรม
  กลับหน้าหลัก

Brief Record : Get Marc (ISO 2709) : E-mail record : QR code < ปิดหน้าต่าง
LEADER : 00000nam 2200000uu 4500
001    13399125307
003     ULIB
008    170405s2559||||th 000 0 tha d
020    ^a9789744228048
060    ^aWB115 ว849ก
100    ^aวีระศักดิ์ ศรินนภากร สุรพันธ์ พงศ์สุธนะ และเฉลิมรัฐ บัญชรเทวกุล
245    ^aการให้คำปรึกษาทางอายุรศาสตร์ที่พบบ่อย Common Medical Consultation
250    ^aพิมพ์ครั้งที่ 1
260    ^aกรุงเทพฯ :^bกลุ่มงานอายุรศาสตร์ โรงพยาบาลราชวิถี สังกัดกรมการแพทย์ กระทรวงสาธารณสุข,^c2559
300    ^a384 หน้า^bภาพประกอบ, ตาราง
650    ^aอายุรศาสตร์^xการให้คำปรึกษา
945    ^p0^l0^i001878
945    ^p0^l0^i001879
945    ^p0^l0^i001880
945    ^p0^l0^i001881
945    ^p0^l0^i001882
945    ^p0^l0^i001883
999    ^aวรรณษา ชูชัยมงคล
รายการนี้ยังไม่มีแท็ก
คุณยังไม่ได้ล็อกอิน คุณสามารถมีกิจกรรมร่วมกับเว็บไซต์ได้ แต่ต้องล็อกอินก่อน ::
  ล็อกอิน

รายการสื่อสารสนเทศ

ลำดับที่ ประเภท เลขเรียก/บาร์โค้ด สถานที่ สถานะ
1. วิทยาศาสตร์การแพทย์ และสุขภาพ
วิทยาศาสตร์การแพทย์ และสุขภาพ
สถานะ=หนังสือเก่า
WB115 ว849ก ฉ.1 
  Barcode: 001878
ห้องสมุดวิทยาเขตสวรรค์ประชารักษ์
►ส่วนจัดเก็บหนังสือเก่า สปร
บนชั้น
  ขอยืม
2. วิทยาศาสตร์การแพทย์ และสุขภาพ
วิทยาศาสตร์การแพทย์ และสุขภาพ
สถานะ=หนังสือเก่า
WB115 ว849ก ฉ.2 
  Barcode: 001879
ห้องสมุดวิทยาเขตสวรรค์ประชารักษ์
►ส่วนจัดเก็บหนังสือเก่า สปร
บนชั้น
  ขอยืม
3. วิทยาศาสตร์การแพทย์ และสุขภาพ
วิทยาศาสตร์การแพทย์ และสุขภาพ
สถานะ=หนังสือเก่า
WB115 ว849ก ฉ.3 
  Barcode: 001880
ห้องสมุดวิทยาเขตสวรรค์ประชารักษ์
►ส่วนจัดเก็บหนังสือเก่า สปร
บนชั้น
  ขอยืม
4. วิทยาศาสตร์การแพทย์ และสุขภาพ
วิทยาศาสตร์การแพทย์ และสุขภาพ
สถานะ=หนังสือเก่า
WB115 ว849ก ฉ.4 
  Barcode: 001881
ห้องสมุดวิทยาเขตสวรรค์ประชารักษ์
►ส่วนจัดเก็บหนังสือเก่า สปร
บนชั้น
  ขอยืม
5. วิทยาศาสตร์การแพทย์ และสุขภาพ
วิทยาศาสตร์การแพทย์ และสุขภาพ
สถานะ=หนังสือเก่า
WB115 ว849ก ฉ.5 
  Barcode: 001882
ห้องสมุดวิทยาเขตสวรรค์ประชารักษ์
►ส่วนจัดเก็บหนังสือเก่า สปร
บนชั้น
  ขอยืม
6. วิทยาศาสตร์การแพทย์ และสุขภาพ
วิทยาศาสตร์การแพทย์ และสุขภาพ
สถานะ=หนังสือเก่า
WB115 ว849ก ฉ.6 
  Barcode: 001883
ห้องสมุดวิทยาเขตสวรรค์ประชารักษ์
►ส่วนจัดเก็บหนังสือเก่า สปร
บนชั้น
  ขอยืม

BibComment


ยังไม่เคยถูกคอมเมนท์

คอมเมนท์ทรัพยากรรายการนี้
  คอมเมนท์: การให้คำปรึกษาทา..


 Copyright 2026. Bcnsprnw @Library